Tilastot visalle Ensimmäisen maailmansodan liput

Klikkaa tästä pelataksesi tätä visaa!

Yleistilastot

  • Tätä visaa on pelattu 16 kertaa
  • Keskiarvotulos 15 / 20

Vastaustilastot

Vastaus% Oikein
Ranska
93%
Venäjän keisarikunta
93%
Australia
87%
Belgia
87%
Bulgaria
87%
Portugali
87%
Romania
87%
Uusi-Seelanti
87%
Yhdistynyt kuningaskunta
87%
Yhdysvallat
87%
Italian kuningaskunta
80%
Serbia
80%
Osmanien valtakunta
73%
Saksan keisarikunta
73%
Kreikka
60%
Kanada
53%
Etelä-Afrikka
47%
Itävalta-Unkari
47%
Montenegro
33%
Newfoundland
27%

Tulosjakauma

Persentiili vastausten määrän mukaan

Jokaisen tuloksen saaneiden osuus

Tuloshistoriasi

Et ole pelannut tätä visaa